Vista normal Vista MARC

Entrada Título uniforme

Número de registros utilizados en: 3

001 - NÚMERO DE CONTROL

  • campo de control: 119276

003 - IDENTIFICADOR DE NÚMERO DE CONTROL

  • campo de control: OSt

005 - FECHA Y HORA DE LA ÚLTIMA TRANSACCIÓN

  • campo de control: 20230222192811.0

008 - ELEMENTOS DE DATO DE LONGITUD-FIJA

  • campo de control de longitud fija: 041108 n acnnnaaan n ann d

040 ## - FUENTE DE CATALOGACIÓN

  • Centro catalogador/agencia de origen: OSt
  • Centro/agencia transcriptor: OSt

130 #0 - ENCABEZAMIENTO--TÍTULO UNIFORME

  • Título uniforme: Biblia.
  • Nombre de parte o sección de la obra: A.T.
  • Nombre de parte o sección de la obra: Salmos-
  • Subdivisión de forma: Comentarios